Centroamérica: guerra, transición y democracia

Spremljeno u:
Bibliografski detalji
Glavni autor: Torres Rivas, Edelberto
Format: Tekst
Izdano: Tegucigalpa: UNAH
Oznake: Dodaj oznaku
Bez oznaka, Budi prvi tko označuje ovaj zapis!

MARC

LEADER 00000 a a2200000 04500
001 21052
003
040
090 |a 090900  
100 |a Torres Rivas, Edelberto  
245 |a Centroamérica: guerra, transición y democracia  
260 |a Tegucigalpa:   |b UNAH  
300 |a 38 p.  
999 |c 12355  |d 12355